Summary Guide to Scottish Agricultural Rent Reviews (Record no. 115413)

MARC details
000 -LEADER
fixed length control field 01386cam a22003135a 4500
001 - CONTROL NUMBER
control field L158609
008 - FIXED-LENGTH DATA ELEMENTS--GENERAL INFORMATION
fixed length control field 080317e20130317xxk f 000 0 eng u
020 ## - INTERNATIONAL STANDARD BOOK NUMBER
International Standard Book Number 9781901434682
035 ## - SYSTEM CONTROL NUMBER
System control number (Sirsi) u158609
041 0# - LANGUAGE CODE
Language code of text/sound track or separate title eng
050 04 - LIBRARY OF CONGRESS CALL NUMBER
Classification number 630.026 $2 18
110 2# - MAIN ENTRY--CORPORATE NAME
Corporate name or jurisdiction name as entry element Central Association of Agricultural Valuers
245 00 - TITLE STATEMENT
Title Summary Guide to Scottish Agricultural Rent Reviews
Medium [electronic resource]
260 ## - PUBLICATION, DISTRIBUTION, ETC.
Place of publication, distribution, etc. Coleford, Glos
Name of publisher, distributor, etc. CAAV
Date of publication, distribution, etc. 2013
300 ## - PHYSICAL DESCRIPTION
Extent 68p.
Dimensions 30cm.
490 #0 - SERIES STATEMENT
Series statement CAAV Publication
Volume/sequential designation (190)
520 ## - SUMMARY, ETC.
Summary, etc. Prepared from the larger manual 'A Practitioner?s Guide to Scottish Agricultural Rent Reviews' (published September 2013) it provides the middle tier of briefing recommended by the Rent Review Working Group, as an aid to farmers and owners and a summary for professionals.
590 ## - LOCAL NOTE (RLIN)
Local note KA
650 24 - SUBJECT ADDED ENTRY--TOPICAL TERM
Topical term or geographic name entry element AGRICULTURAL HOLDINGS ACT 1991
650 24 - SUBJECT ADDED ENTRY--TOPICAL TERM
Topical term or geographic name entry element RENT REVIEWS
650 24 - SUBJECT ADDED ENTRY--TOPICAL TERM
Topical term or geographic name entry element PROPERTY-LEASEHOLD PROPERTY-LANDLORD AND TENANT-TENANCIES-AGRICULTURAL TENANCIES-AGRICULTURAL TENANCY RENT REVIEW
651 #4 - SUBJECT ADDED ENTRY--GEOGRAPHIC NAME
Geographic name Scotland
690 ## - LOCAL SUBJECT ADDED ENTRY--TOPICAL TERM (OCLC, RLIN)
Topical term or geographic name as entry element Rural
9 (RLIN) 6268
690 ## - LOCAL SUBJECT ADDED ENTRY--TOPICAL TERM (OCLC, RLIN)
Topical term or geographic name as entry element Commercial property
9 (RLIN) 6227
710 2# - ADDED ENTRY--CORPORATE NAME
Corporate name or jurisdiction name as entry element Royal Institution of Chartered Surveyors
9 (RLIN) 4900
710 1# - ADDED ENTRY--CORPORATE NAME
Corporate name or jurisdiction name as entry element Scottish Agricultural Arbiters & Valuers Association
856 48 - ELECTRONIC LOCATION AND ACCESS
Uniform Resource Identifier <a href="https://www.caav.org.uk/docs/95090%20CAAV%20RR%20SUMMARY%20combined.pdf">https://www.caav.org.uk/docs/95090%20CAAV%20RR%20SUMMARY%20combined.pdf</a>
Public note View this item at www.caav.org.uk
942 ## - ADDED ENTRY ELEMENTS (KOHA)
Suppress in OPAC 0
Holdings
Withdrawn status Lost status Source of classification or shelving scheme Damaged status Not for loan Home library Current library Shelving location Date acquired Total Checkouts Full call number Barcode Date last seen Copy number Price effective from Koha item type
    Dewey Decimal Classification     Virtual Virtual Online 13/05/2015   ONLINE PUBLICATION 158609-2001 06/08/2019 1 06/08/2019 Book